000 00782cab a2200241 4500
001 WB3303-07
008 090401t1997 xxu||||| |||| 00| 0 eng d
035 _a(Sirsi) u26356
041 _aeng
245 _aFormer tenants sue
260 _c1997
350 _a0
490 _aBirmingham Post
_v10 January 1997, 4(1)
520 _aMore than 150 tenants who bought their council homes from Birmingham CC and then discovered the properties contained asbestos are suing the authority.
650 _aMANAGEMENT-HEALTH AND SAFETY-HAZARDOUS SUBSTANCES-ASBESTOS
650 _aBIRMINGHAM CITY COUNCIL
650 _aCOUNCIL HOUSES
650 _aPROPERTY VALUES
650 _aRIGHT TO BUY
690 _aBUILT ENVIRONMENT-BUILDING STANDARDS
942 _n0
948 _c04/03/1997
999 _c17700
_d17700